| 000 | 00721cam a22002533a 4500 | ||
|---|---|---|---|
| 001 | 1909 | ||
| 003 | PGUSA | ||
| 005 | 20140828083008.0 | ||
| 008 | 990901s1999||||xxu|||||s|||||000 | eng d | ||
| 040 |
_aPGUSA _beng |
||
| 042 | _adc | ||
| 050 | 4 | _aQH | |
| 100 | 1 |
_aSeward, A. C. _q(Albert Charles), _d1863-1941 |
|
| 245 | 1 | 0 |
_aDarwin and Modern Science _h[electronic resource] / _cA. C. Seward |
| 260 |
_bProject Gutenberg, _c1999 |
||
| 506 | _aPublic domain in the USA. | ||
| 516 | _aElectronic text | ||
| 653 | _aEvolution (Biology) | ||
| 653 | _aScience -- History | ||
| 653 | _aDarwin, Charles, 1809-1882 | ||
| 830 | 0 |
_aProject Gutenberg _v1909 |
|
| 856 | 4 | 0 | _uhttp://www.gutenberg.org/ebooks/1909 |
| 942 | _cEB | ||
| 999 |
_c231252 _d231252 |
||